logo

Bir Sreshtho Munshi Abdur Rouf Library
Jhenaidah Cadet College

ভাষা আন্দোলনের কথা / (Record no. 11529)

MARC details
000 -LEADER
fixed length control field 00717nam a2200229 a 4500
001 - CONTROL NUMBER
JCCL Control Number 11529
003 - CONTROL NUMBER IDENTIFIER
JCCL marc code BD-JhCC
005 - DATE AND TIME OF LATEST TRANSACTION
control field 20191031113835.0
008 - FIXED-LENGTH DATA ELEMENTS--GENERAL INFORMATION
fixed length control field 180624b20092010bg a|||| ||a| 001 0 ben d
020 ## - INTERNATIONAL STANDARD BOOK NUMBER
International Standard Book Number 9847015601379
035 ## - SYSTEM CONTROL NUMBER
system control number (BD-JhCC)11529
040 ## - CATALOGING SOURCE
Original cataloging agency BD-JhCC
Modifying agency BD-JhCC
041 ## - LANGUAGE CODE
Language code of Book ben
082 ## - DEWEY DECIMAL CLASSIFICATION NUMBER
Author mark and Year RAF 2010
Classification number 954.9205
100 ## - MAIN ENTRY--PERSONAL NAME
Personal name রফিক, আহমেদ
245 ## - TITLE STATEMENT
Title ভাষা আন্দোলনের কথা /
Statement of responsibility, etc আহমেদ রফিক ।
260 ## - PUBLICATION, DISTRIBUTION, ETC. (IMPRINT)
Place of publication, distribution, etc ঢাকা:
Name of publisher, distributor, etc মাওলা ব্রাদার্স;
Date of publication, distribution, etc ২০১০.
300 ## - PHYSICAL DESCRIPTION
Pagination ৩২ পৃ. :
Other physical details ill;
Dimensions ২১ সেমি.
650 ## - SUBJECT ADDED ENTRY--TOPICAL TERM
Topical term or geographic name as entry element Language Movement
942 ## - ADDED ENTRY ELEMENTS (KOHA)
Source of classification or shelving scheme Dewey Decimal Classification
Koha item type Books
Holdings
Source of classification or shelving scheme Damaged status Not for loan Home library Current library Shelving location Date of accession Cost, normal purchase price Total Checkouts Full call number Barcode Date last seen Copy number Koha item type
Dewey Decimal Classification     JCC Rouf Library JCC Rouf Library General Stacks 06/24/2018 60.00   954.9205 RAF 2010 14738 10/27/2019 C-1 Books

JCC Library | Contacts | JCC Home

Last Update on 23 September 2017
Copyright @ 2017-2020 JCC Rouf Library
Rouf Library, Jhenidah Cadet College (JCC), Bangladesh